Уширение бесфононных линий примесей в стеклах; Бесфононные линии в спектроскопии и фотохимии

Bibliographic Details
Parent link:Бесфононные линии в спектроскопии и фотохимии.— 1986.— С. 131-156
Main Author: Гороховский А. А.
Language:Russian
Published: 1986
Format: Book Chapter
KOHA link:https://koha.lib.tpu.ru/cgi-bin/koha/opac-detail.pl?biblionumber=216423

MARC

LEADER 00000naa2a2200000 4500
001 216423
005 20231031194152.0
035 |a (RuTPU)RU\TPU\book\236393 
035 |a RU\TPU\book\236391 
090 |a 216423 
100 |a 20120524d1986 k y0rusy50 ca 
101 0 |a rus 
102 |a EE 
200 1 |a Уширение бесфононных линий примесей в стеклах  |f А. А. Гороховский 
320 |a Библиогр.: с. 153-155 (86 назв.) 
463 0 |0 (RuTPU)RU\TPU\book\236366  |t Бесфононные линии в спектроскопии и фотохимии  |f Академия наук Эстонской ССР (АН ЭССР), Институт физики (ИФ)  |v С. 131-156  |d 1986  |p 240 с.  |s Труды института физики АН ЭССР ; Вып. 59 
700 1 |a Гороховский  |b А. А. 
801 1 |a RU  |b 63413507  |c 20120524 
801 2 |a RU  |b 63413507  |c 20120524  |g RCR 
942 |c BK